Statistiques concernant Chef d'Etats d'Europe

Cliquez ici pour prendre le quiz!

Statistiques générales

  • Ce quiz a été pris 30 fois
  • Le résultat moyen est 9 sur 45

Statistiques - réponses

PaysIndiceRéponse% Correct
FrancePrésidentEmmanuel Macron
100%
Royaume-UniRoiCharles III
81%
RussiePrésidentVladimir Poutine
74%
VaticanPapeFrançois 1er
63%
MonacoRoiAlbert II
59%
UkrainePrésidentVolodymyr Zelensky
59%
BiélorussiePrésidentAlexandre Loukachenko
44%
EspagneRoiFelipe VI
44%
BelgiqueRoiPhilippe Ier
44%
Saint-MarinCapitaines-régentsMaria Luisa Berti
Manuel Ciavatta
37%
DanemarkReineMargrethe II
30%
LuxembourgGrand DucHenri
26%
AutrichePrésidentAlexander Van der Bellen
19%
LiechtensteinPrinceHans-Adam II
19%
AllemagnePrésidentFrank-Walter Steinmeier
15%
NorvègeRoiHarald V
15%
ItaliePrésidentSergio Mattarella
15%
PolognePrésidentAndrzej Duda
11%
BulgariePrésidentRoumen Radev
11%
SerbiePrésidentAleksandar Vučić
7%
SuèdeRoiCarl XVI Gustave
7%
IslandePrésidentGuðni Th. Jóhannesson
7%
RoumaniePrésidentKlaus Iohannis
7%
MoldaviePrésidenteMaia Sandu
7%
Pays-BasRoiWillem-Alexander
7%
SlovaquiePrésidenteZuzana Čaputová
7%
EstoniePrésidentAlar Karis
4%
AlbaniePrésidentBajram Begaj
4%
SlovéniePrésidentBorut Pahor
4%
GrècePrésidenteEkateríni Sakellaropoúlou
4%
MaltePrésidentGeorge Vella
4%
LituaniePrésidentGitanas Nausėda
4%
SuissePrésident de la ConfédérationIgnazio Cassis
4%
HongriePrésidenteKatalin Novák
4%
PortugalPrésidentMarcelo Rebelo de Sousa
4%
IrlandePrésidentMichael D. Higgins
4%
MonténégroPrésidentMilo Đukanović
4%
FinlandePrésidentSauli Niinistö
4%
CroatiePrésidentZoran Milanović
4%
LettoniePrésidentEgils Levits
0%
République TchèquePrésidentMiloš Zeman
0%
ChyprePrésidentNíkos Anastasiádis
0%
MacédoinePrésidentStevo Pendarovski
0%
AndorreChef du gouvernementXavier Espot Zamora
0%
Bosnie-HerzégovinePrésidentsŽeljka Cvijanović (Serbe)
Željko Komšić (Croate)
Šefik Džaferović (Bosniak)
0%

Distribution des résultats

Percentile par nombre de réponses

% des personnes avec chaque résultat

Votre développement - résultats

Vous n’avez pas pris ce quiz